01148nam a2200265 a 45000010005000000030008000050050017000130080039000300350018000690350033000870400045001200410017001650820019001821110088002012450156002892600107004453000060005525000041006125000063006535040029007165050021007456500042007666500034008087100040008429582BD-RjUL20211208234813.0140121s1962 enkab b 101 0 eng a(BD-RjUL)9627 a(OCoLC)537724a(OCoLC)537724 aDLCcODaWUdOCoLCdUkdDLCdBD-RjULbeng0 aengfresparus a539.76072bPRO2 aSymposium on the Programming and Utilization of Research Reactorsd(1961 :cVienna)10aProgramming and utilization of research reactors;bproceedings of a symposium held in Vienna, October 16-21, 1961/cInternational Atomic Energy Agency. aLondon :aNew York ;bPublished for the International Atomic Energy Agency [by] Academic Press,c1962. a3 v. 503 p. :billus., maps, diagrs., tables. ;c26 cm. aEnglish, French, Russian or Spanish. aSymposium organized by International Atomic Energy Agency. aIncludes bibliographies. av. 2 -- v. 3 --  0aNuclear energyxResearchvCongresses. 0aNuclear reactorsvCongresses.2 aInternational Atomic Energy Agency.